The ambition and the power / (Record no. 12853)

MARC details
000 -BAŞLIK
Sabit Uzunlukta Kontrol Alanı 00668nam a22002057a 4500
999 ## - SİSTEM KONTROL NUMARALARI (KOHA)
Koha Biblionumber 12853
Koha Biblioitemnumber 12853
003 - KONTROL NUMARASI IDENTIFIER
Denetim Alanı MIRAKIL
005 - SON İŞLEM TARİHİ VE ZAMANI
Denetim Alanı 20190304165916.0
008 - SABİT-BOY VERİ ELEMANLARI - GENEL BİLGİLER
Sabit Uzunlukta Kontrol Alanı 190304b tu ||||| |||| 00| 0 tur d
020 ## - ULUSLARARASI STANDART KİTAP NUMARASI
Uluslararası Standart Kitap Numarası 0670819247
040 ## - KATALOGLAMA KAYNAK
Orijinal Kataloglama Ajansı TR-AnCHP
Metne Dönüştürmek Ajansı TR-AnCHP
041 ## - DİL KODU
Metin / Ses Parça Veya Ayrı Başlığın Dil Kodu eng
082 ## - DEWEY ONLU SINIFLANDIRMA NUMARASI
Sınıflandırma Numarası 328.730762092
Ürün Numarası B26t 1989
100 ## - ANA GİRİŞ - KİŞİSEL İSİM
Kişisel Ad Barry, John M.
245 10 - BAŞLIK TABLOSU
Başlık The ambition and the power /
Sorumluluk Tablosu, Vb John M. Barry.
260 ## - YAYIN, DAĞITIM, VB
Yayın, Dağıtım, Vb Yeri New York:
Yayıncı, Dağıtıcı, Vs Adı Viking,
Yayın, Dağıtım, Vb Tarihi 1989.
300 ## - FİZİKSEL TANIM
Kapsam 768 s.:
Boyutlar 24 sm.
600 #0 - KONU KATMA GİRİŞ - KURUMSAL ADI
9 (RLIN) 5322
Kişisel Ad Wright, Jim.
Başlıklar Ve Bir Adla İlişkili Diğer Kelimeler Amerika Birleşik Devletleri Temsilciler Meclisi Başkanı
Bir Adıyla İlişkilendirilen Tarihler 1922-2015
651 #0 - KONU KATMA GİRİŞ - COĞRAFİ ADI
9 (RLIN) 5270
Coğrafi İsim Amerika Birleşik Devletleri (ABD)
Genel Alt Bölümü siyaset ve yönetim
Kronolojik Alt Bölümü 1981-1989
942 ## - EKLENDİ GİRİŞ ELEMANLARI (KOHA)
Sınıflandırma Veya Raf Düzeni Kaynak Dewey Decimal Classification
Koha Öğesi Türü Books
Holdings
Kalıcı Konum Mevcut Konum Edinme Tarihi Edinim Kaynak Toplam Check-Out'Lar Tam Çağrı Numarası Barkod Tarih Son Görülme İtibaren Geçerli Fiyatlar Sigara Kamu Notu Koha Öğesi Türü
CHP Kütüphanesi CHP Kütüphanesi 03/04/2019 Bağış   328.730762092 B26t 1989 018941 03/04/2019 03/04/2019 Ertuğrul Çepni bağışıdır. Books